Statistiques concernant Clic Ce sont des départements mais aussi... (1)

Cliquez ici pour prendre le quiz!

Statistiques générales

  • Ce quiz a été pris 34 fois
  • Le résultat moyen est 25 sur 50

Statistiques - réponses

HintRéponse% Correct
La Dordogne est un fleuveVRAI
94%
L'Indre est un affluent de la LoireVRAI
77%
L'Allier est un affluent de la LoireVRAI
77%
Le Calvados est un alcool de pommesVRAI
74%
Le Cantal est un fromage AOCVRAI
74%
La Gironde est le nom de l'estuaire de la Garonne et de la DordogneVRAI
71%
La Drôme est un affluent du RhôneVRAI
71%
Eure est une fille de ZeusFAUX
68%
L'Eure est un affluent de la SeineVRAI
68%
L'Aisne est un affluent de l'OiseVRAI
65%
La Creuse est un affluent de la VienneVRAI
65%
Indre est un maréchal de France du XVIIIe siècleFAUX
61%
Doubs est une ville du GabonFAUX
61%
L'Aube est le titre d'un poème de RimbaudVRAI
61%
L'Aube est un des affluents de l'AudeFAUX
58%
Cantal est un judoka françaisFAUX
55%
Doubs est un prénom russeFAUX
55%
L'Eure est une rivière des Pyrénées-AtlantiquesFAUX
55%
Isère est un prénom fémininFAUX
55%
L'Aveyron est une rivière de SavoieFAUX
55%
L'Isère est un fleuve côtier belgeFAUX
55%
L'Aude est un lac des VosgesFAUX
52%
Hérault est un album d'Eddy MitchellFAUX
52%
Aveyron est un château de DordogneFAUX
48%
Le drome est un magistrat égyptienFAUX
48%
Ardèche est un historien françaisFAUX
48%
L'Isère est un lac dans les AlpesFAUX
48%
Hérault est un prénom masculinFAUX
45%
Drôme est un vin IGPVRAI
45%
Corrèze est une espèce d'abeilleFAUX
42%
Aisne est une commune belgeVRAI
42%
La Gironde est une des premières locomotives françaiseVRAI
42%
L'Ain est affluent de la LoireFAUX
39%
Calvados est un cheval de NapoléonFAUX
39%
Doubs est un peintre hollandaisFAUX
39%
L'Ariège est un col alpinFAUX
39%
L'Ain est un mont du JuraFAUX
39%
La Corrèze est un affluent de la VézèreVRAI
39%
Hérault est un film de Bruno Merle sorti en 2007FAUX
35%
Allier est une athlète françaiseVRAI
35%
Le Doubs est un col de Saône-et-LoireFAUX
32%
Les Ardennes sont un quartier de ToulouseFAUX
32%
L'Isère est un vin IGPVRAI
32%
Ardennes est une rivière bretonneVRAI
32%
Allier est une commune de l'AllierFAUX
29%
Le Gers est un lac de Haute-SavoieVRAI
29%
La Gironde est un affluent de l'EstéronVRAI
29%
L'Aisne est un affluent de la MayenneVRAI
26%
Hérault est un ancien premier ministreFAUX
23%
L'Hérault est un sommet dans les îles anglo-normandesVRAI
19%

Distribution des résultats

Percentile par nombre de réponses

% des personnes avec chaque résultat

Votre développement - résultats

Vous n’avez pas pris ce quiz